Lyrics to Party in the USA - Statistics

General Stats
  • This quiz has been taken 572 times
  • The average score is 32 of 64
Answer Stats
Hint Answer % Correct
This is all so ____ Crazy
86%
Everybody seems so _____ Famous
83%
Look to my ____ and I see the _______ ___ Right, Hollywood sign
76%
With a ____ and my ______ Dream, cardigan
75%
Am I ____ __ __? Gonna fit in
75%
I ____ of the ___ at L.A.X Hopped, plane
75%
So I put my ____ __ Hands up
74%
I got my ____ __ Hands up
74%
So I put my ____ __ Hands up
74%
So I put my ____ __ Hands up
74%
So I put my ____ __ Hands up
74%
Jumped in the ___, here I am for the ____ ___ Cab, first time
70%
Too much _____ and I'm _____ Pressure, nervous
65%
Too much ____ and I'm ____ Pressure, nervous
65%
Yeah, it's a ____ in the ___ Party, USA
61%
Yeah, it's a ____ in the ___ Party, USA
61%
Yeah, it's a ____ in the ___ Party, USA
61%
Yeah, it's a ____ in the ___ Party, USA
61%
Yeah, it's a ____ in the ___ Party, USA
61%
Yeah, it's a ____ in the ___ Party, USA
61%
Yeah, it's a ____ in the ___ Party, USA
61%
Yeah, it's a ____ in the ___ Party, USA
61%
They're _____ my ___, the _______ fly ____ Playing, song, butterflies, away
59%
They're ____ my ___, the ______ fly ____ Playing, song, butterflies away
59%
They're _____ my ___, the ______ fly ____ Playing, song, butterflies, away
59%
They're _____ my ___, the ______ fly ____ Playing, song, butterflies, away
59%
And a ____ ___ was on Jay-Z song
58%
And a ____ ___ was on Jay-Z song
58%
And a ____ ___ was on Jay-Z song
58%
I'm ____ my ___ like ___ Moving, hips, yeah
56%
I'm ____ my ___ like ____ Moving, hips, yeah
56%
I'm _____ my ___ like ____ Moving, hips, yeah
56%
I'm _____ my ___ like ____ Moving, hips, yeah
56%
Welcome to the ____ of ___ ____ Land, fame excess
53%
I'm ____ my ____ like ___ Nodding, head, yeah
53%
I'm _____ my ___ like ____ Nodding, head, yeah
53%
I'm _____ my ____ like ____ Nodding, head, yeah
53%
I'm _____ my ____ like ____ Nodding, head, yeah
53%
That's when the ___ __ turned on the ____ Taxi man, radio
51%
She gotta be from ___ of ___ Out, town
44%
They're _____ my ___, I ___ I'm gonna be ___ Playing song, know, okay
41%
My ____ ____ and I'm _____ kinda ____ ___ Tummy's turning, feeling, home sick
41%
My ____ ____ and I'm kinda ____ ___ Tummy's turning, feeling, home sick
41%
And a ____ ___ was on Britney song
40%
And a ____ ___ was on Britney song
40%
And a ____ ___ was on Britney song
40%
Everybody's _____ at me ___ Looking, now
40%
Like, who's that ____ that's ____ ____ Chick, rocking kicks
33%
I ____ I never got the ___ Guess, memo
33%
It's definitely not a _____ ____ Nashville party
33%
I ___ I'm gonna be ___ Know, okay
28%
I ____ I'm gonna be ___ Know, okay
28%
I ____ I'm gonna be ___ Know, okay
28%
'Cause all I see are _____ Stilettos
28%
I got my ____ __, they're _____ my ___ Hands up, playing, song
27%
I got my ____ __, they're _____ my ___ Hands up, playing, song
27%
I got my ____ __, they're _____ my ___ Hands up, playing, song
27%
So ___ with my ___ not _____ me Hard, girls, around
22%
That's when the __ dropped my _____ ___ DJ, favorite tune
21%
Get to the ___ in my ___ ___ Club, taxi cab
15%
The __ plays my ___ and I ___ ____ DJ, song, feel alright
14%
Back to my ______ _____ Hometown tonight
13%
Something ____ me ____ ___ Stops, every time
11%
Feel like _____ on a ____ Hopping, flight
8%
No matching quizzes found
Score Distribution
Percent of People with Each Score
Percentile by Number Answered
Your Score History
You have not taken this quiz